Statistics for NFL Offensive Starters 2014

Click here to take the quiz!

General Stats

  • This quiz has been taken 9,319 times
  • The average score is 70 of 128

Answer Stats

HintHintAnswer% Correct
BroncosQBPeyton Manning
93%
GiantsQBEli Manning
92%
ChiefsQBAlex Smith
90%
49ersQBColin Kaepernick
90%
PatriotsQBTom Brady
90%
JetsQBGeno Smith
89%
ChargersQBPhilip Rivers
88%
RavensWRSteve Smith
88%
RavensWRTorrey Smith
88%
PackersQBAaron Rodgers
87%
CowboysQBTony Romo
87%
ColtsQBAndrew Luck
86%
SaintsQBDrew Brees
86%
BearsQBJay Cutler
86%
LionsWRCalvin Johnson
85%
RavensQBJoe Flacco
85%
SeahawksQBRussell Wilson
85%
BengalsQBAndy Dalton
84%
TexansWRAndre Johnson
83%
PanthersQBCam Newton
83%
JetsRBChris Johnson
83%
LionsQBMatthew Stafford
83%
49ersRBFrank Gore
81%
FalconsQBMatt Ryan
80%
SteelersQBBen Roethlisberger
79%
RedskinsQBRobert Griffin III
79%
CardinalsQBCarson Palmer
77%
FalconsWRJulio Jones
76%
BengalsWRA.J. Green
75%
RaidersWRJames Jones
75%
SeahawksRBMarshawn Lynch
75%
BengalsWRMarvin Jones
75%
BroncosWRDemaryius Thomas
73%
RedskinsWRDeSean Jackson
73%
DolphinsQBRyan Tannehill
73%
FalconsRBSteven Jackson
73%
BuccaneersWRVincent Jackson
73%
CowboysWRDez Bryant
72%
TitansRBShonn Greene
72%
BearsRBMatt Forte
70%
EaglesQBNick Foles
70%
EaglesRBLeSean McCoy
69%
SteelersWRAntonio Brown
68%
BearsWRBrandon Marshall
67%
CowboysRBDeMarco Murray
66%
RaidersQBDerek Carr
66%
VikingsRBAdrian Peterson
65%
ChiefsRBJamaal Charles
65%
PackersWRJordy Nelson
65%
CardinalsWRLarry Fitzgerald
65%
PackersRBEddie Lacy
64%
SteelersRBLe'Veon Bell
64%
49ersWRMichael Crabtree
63%
CowboysWRTerrance Williams
61%
PanthersRBDeAngelo Williams
60%
BearsWRAlshon Jeffery
59%
BillsQBE.J. Manuel
59%
49ersWRAnquan Boldin
57%
ColtsWRT.Y. Hilton
57%
BrownsRBBen Tate
56%
LionsWRGolden Tate
56%
FalconsWRRoddy White
56%
BroncosWREmmanuel Sanders
55%
BrownsQBBrian Hoyer
53%
PackersWRRandall Cobb
53%
TexansQBRyan Fitzpatrick
53%
GiantsWRVictor Cruz
53%
LionsRBReggie Bush
52%
PatriotsWRJulian Edelman
51%
TexansRBArian Foster
50%
RamsQBShaun Hill
50%
ColtsWRReggie Wayne
49%
RedskinsRBAlfred Morris
48%
BengalsRBGiovani Bernard
48%
ChargersWRKeenan Allen
48%
SaintsRBMark Ingram
48%
ChargersRBRyan Mathews
48%
SaintsWRMarques Colston
47%
BuccaneersRBDoug Martin
46%
GiantsRBRashad Jennings
45%
BillsRBC.J. Spiller
44%
SeahawksWRDoug Baldwin
44%
BuccaneersQBJosh McCown
44%
BillsWRSammy Watkins
44%
TitansQBJake Locker
43%
EaglesWRJeremy Maclin
43%
VikingsWRGreg Jennings
42%
RedskinsWRPierre Garcon
42%
ColtsRBTrent Richardson
42%
JaguarsQBChad Henne
41%
JetsWREric Decker
41%
RaidersRBMaurice Jones-Drew
41%
BroncosRBMontee Ball
40%
DolphinsRBLamar Miller
39%
BuccaneersWRMike Evans
39%
ChargersWRMalcolm Floyd
38%
CardinalsWRMichael Floyd
38%
DolphinsWRMike Wallace
38%
SeahawksWRPercy Harvin
38%
PanthersWRKelvin Benjamin
37%
VikingsQBMatt Cassel
37%
PatriotsRBStevan Ridley
37%
ChiefsWRDwayne Bowe
36%
PatriotsWRDanny Amendola
35%
CardinalsRBAndre Ellington
34%
BrownsWRMiles Austin
34%
EaglesWRRiley Cooper
34%
RamsWRTavon Austin
33%
TexansWRDeAndre Hopkins
32%
VikingsWRCordarrelle Patterson
24%
DolphinsWRBrian Hartline
22%
RamsRBZac Stacy
22%
RavensRBBernard Pierce
21%
JaguarsRBToby Gerhart
20%
JaguarsWRCecil Shorts
19%
SaintsWRKenny Stills
19%
BillsWRRobert Woods
19%
GiantsWRRueben Randle
19%
RamsWRKenny Britt
18%
JaguarsWRMarqise Lee
18%
SteelersWRMarkus Wheaton
17%
TitansWRKendall Wright
16%
TitansWRNate Washington
15%
JetsWRJeremy Kerley
14%
BrownsWRAndrew Hawkins
13%
PanthersWRJerricho Cotchery
12%
ChiefsWRDonnie Avery
10%
RaidersWRRod Streater
8%

Score Distribution

Percentile by Number Answered

Percent of People with Each Score

Your Score History

You have not taken this quiz